Sports Quiz

Random Sports or Hockey Quiz

Find the Various Missing Things in Big 4 Teams Quiz Stats

 Plays Quiz not verified by Sporcle

Score 0/20 Timer 04:00
1 Play Today
% Correct
Toronto MAPLE LEAFs
NHL
91.2%
Phoenix SUNs
NBA
89.8%
Minnesota VIKINGs
NFL
89.3%
Houston ROCKETs
NBA
89.3%
San Antonio SPURs
NBA
88.9%
Brooklyn NETs
NBA
88.1%
Dallas COWBOYs
NFL
87.9%
New England PATRIOTs
NFL
87.5%
Los Angeles
ANGELs of Anaheim
MLB
86.3%
Pittsburgh PIRATEs
MLB
85.9%
% Correct
Colorado AVALANCHE
NHL
84.5%
Sacramento KINGs
NBA
83.2%
New Jersey DEVILs
NHL
81.1%
New Orleans SAINTs
NFL
79.8%
Buffalo SABREs
NHL
78.8%
Nashville PREDATORs
NHL
76.8%
Winnipeg JETs
NHL
76.8%
Washington WIZARDs
NBA
76.4%
Carolina HURRICANEs
NHL
76.3%
Tampa Bay LIGHTNING
NHL
75.2%

You're not logged in!

Compare scores with friends on all Sporcle quizzes.
OR
Log In

You Might Also Like...

Show Comments

Extras

Top Quizzes Today


Score Distribution

Your Account Isn't Verified!

In order to create a playlist on Sporcle, you need to verify the email address you used during registration. Go to your Sporcle Settings to finish the process.

Report this User

Report this user for behavior that violates our Community Guidelines.

Details: